[Event "Lynskak-DM 2024"]
[Site "Helsingor"]
[Date "2024.09.01"]
[Round "1.1"]
[White "Laza, Szabolcs"]
[Black "Bjerre, Jonas Buhl"]
[Result "0-1"]
[WhiteElo "2005"]
[BlackElo "2497"]
[WhiteFideId "741345"]
[BlackFideId "1444948"]
[EventDate "2024.09.01"]
[EventType "swiss"]
[EventRounds "13"]
[EventCountry "DEN"]
[SourceTitle "Live v. Kasper Jerwiarz"]

1. d4 Nf6 2. c4 e6 3. Nf3 d5 4. cxd5 exd5 5. Bg5 c6 6. Nc3 Be7 7. Qc2 g6 8. e3 Bf5 9. Bd3 Bxd3 10. Qxd3 Nbd7 11. O-O O-O 12. Rab1 Re8 13. b4 a6 14. a4 Nb6 15. b5 cxb5 16. axb5 a5 17. Ne5 Nfd7 18. Bxe7 Qxe7 19. Nxd7 Qxd7 20. Rfe1 a4 21. Ra1 Qd6 22. h3 Rec8 23. Reb1 Rc4 24. Nd1 Rac8 25. Nb2 Rc3 26. Qd1 a3 27. Nd3 Nc4 28. Nc5 Nb6 29. Qd2 R8xc5 30. dxc5 Qxc5 31. Ra2 Qc4 32. Rba1 Qc5 33. Qd4 Qxd4 34. exd4 Nc4 35. Kf1 Rb3 36. Re2 Rxb5 37. Re7 Rb2 38. Re8+ Kg7 39. Rd8 a2 0-1

[Event "Lynskak-DM 2024"]
[Site "Helsingor"]
[Date "2024.09.01"]
[Round "1.2"]
[White "Hansen, Sune Berg"]
[Black "Rosenlund, Thorbjorn"]
[Result "1-0"]
[WhiteElo "2561"]
[BlackElo "2136"]
[WhiteFideId "1400266"]
[BlackFideId "1400614"]
[EventDate "2024.09.01"]
[EventType "swiss"]
[EventRounds "13"]
[EventCountry "DEN"]
[SourceTitle "Live v. Kasper Jerwiarz"]

1. Nf3 c5 2. g3 Nc6 3. Bg2 g6 4. O-O Bg7 5. e4 e6 6. d3 Nge7 7. Re1 d6 8. c3 O-O 9. a3 b6 10. d4 Bb7 11. h4 h6 12. Be3 Qc7 13. Nbd2 Rad8 14. Rc1 f5 15. Qb3 Qd7 16. Rcd1 cxd4 17. cxd4 fxe4 18. Nxe4 Na5 19. Qd3 Rc8 20. Bf4 Nc4 21. Qe2 Nd5 22. Bc1 Rf7 23. Nh2 Rcf8 24. Ng4 Kh7 25. Qxc4 1-0

[Event "Lynskak-DM 2024"]
[Site "Helsingor"]
[Date "2024.09.01"]
[Round "1.3"]
[White "Christensen, Janus"]
[Black "Hector, Jonny"]
[Result "1-0"]
[WhiteElo "2143"]
[BlackElo "2403"]
[WhiteFideId "1408402"]
[BlackFideId "1700090"]
[EventDate "2024.09.01"]
[EventType "swiss"]
[EventRounds "13"]
[EventCountry "DEN"]
[SourceTitle "Live v. Kasper Jerwiarz"]

1. e4 e5 2. Nf3 Nc6 3. Bc4 Nf6 4. d3 d5 5. exd5 Nxd5 6. O-O Nb6 7. Bb5 Bd6 8. Re1 Qe7 9. d4 e4 10. Ng5 Bf5 11. f3 O-O-O 12. Bxc6 bxc6 13. fxe4 Bg6 14. Nc3 h6 15. Nf3 f6 16. Qe2 Rhe8 17. Qa6+ Kb8 18. a4 Bb4 19. a5 Nc8 20. Qxc6 Qd6 21. Qb5+ Ka8 22. e5 fxe5 23. dxe5 Qc5+ 24. Qxc5 Bxc5+ 25. Be3 Bb4 26. Re2 Bh5 27. Nb5 Rd7 28. c3 Bf8 29. Rd2 Rf7 30. Rad1 Bxf3 31. gxf3 Rxf3 32. Nxc7+ Kb7 33. Nxe8 Rxe3 34. Rd7+ Ka6 35. Nc7+ Kxa5 36. Ra1+ Kb6 37. Nd5+ Kc6 38. Rd8 Bc5 39. Nxe3 Bxe3+ 40. Kf1 Ne7 41. Re8 Kd7 42. Ra8 Ke6 43. Ra5 Nc6 44. Ra6 Kd5 45. Rg8 Nxe5 46. Rxg7 Bb6 47. b3 Nf3 48. Ra1 Nd2+ 49. Kg2 Nxb3 50. Rf1 Nd2 51. Rf5+ Kc4 52. Rg6 Kxc3 53. Rxh6 Nc4 54. Rc6 Kb4 55. Rf4 Bc5 56. h4 Kb5 57. Rc8 Ne3+ 58. Kf3 Nd5 59. Rf5 Kc4 60. h5 Kd4 61. Rxc5 1-0

[Event "Lynskak-DM 2024"]
[Site "Helsingor"]
[Date "2024.09.01"]
[Round "1.4"]
[White "Thybo, Jesper Sondergaard"]
[Black "Nielsen, Jan Mose"]
[Result "1-0"]
[WhiteElo "2380"]
[BlackElo "2171"]
[WhiteFideId "1438832"]
[BlackFideId "1405306"]
[EventDate "2024.09.01"]
[EventType "swiss"]
[EventRounds "13"]
[EventCountry "DEN"]
[SourceTitle "Live v. Kasper Jerwiarz"]

1. Nf3 d5 2. g3 c6 3. Bg2 Nf6 4. O-O h6 5. c4 e6 6. d4 a6 7. Nbd2 Nbd7 8. Qc2 Be7 9. e4 b5 10. e5 Nh7 11. c5 a5 12. a3 O-O 13. Re1 Bb7 14. Nf1 b4 15. axb4 axb4 16. Bd2 Ba6 17. Bxb4 Qb8 18. Bc3 Qb5 19. N1d2 Qd3 20. Qxd3 Bxd3 21. b4 Rfb8 22. Bf1 Bxf1 23. Kxf1 Bd8 24. Nb3 f6 25. Rxa8 Rxa8 26. Na5 Bxa5 27. bxa5 fxe5 28. Nxe5 Nxe5 29. Rxe5 Kf7 30. Re2 Nf6 31. Rb2 Ne4 32. Be1 1-0

[Event "Lynskak-DM 2024"]
[Site "Helsingor"]
[Date "2024.09.01"]
[Round "1.5"]
[White "Eriksson, Christian Altenburg"]
[Black "Jepson, Christian"]
[Result "0-1"]
[WhiteElo "2075"]
[BlackElo "2356"]
[WhiteFideId "1412159"]
[BlackFideId "1701185"]
[EventDate "2024.09.01"]
[EventType "swiss"]
[EventRounds "13"]
[EventCountry "DEN"]
[SourceTitle "Live v. Kasper Jerwiarz"]

1. e4 g6 2. d4 Bg7 3. c3 d6 4. Nf3 Nc6 5. Bd3 e5 6. Be3 Nf6 7. h3 O-O 8. O-O Nh5 9. Qd2 Qe8 10. Re1 a6 11. a4 b6 12. Na3 Kh8 13. Rad1 Bb7 14. d5 Ne7 15. b3 f5 16. Bg5 fxe4 17. Bxe4 Nf6 18. Bxf6 Rxf6 19. c4 Qf8 20. Nc2 Bh6 21. Qd3 Bc8 22. Ne3 Rf4 23. Kh2 Bd7 24. Re2 Nf5 25. Bxf5 gxf5 26. Nf1 e4 27. Qd4+ Bg7 28. Qe3 exf3 0-1

[Event "Lynskak-DM 2024"]
[Site "Helsingor"]
[Date "2024.09.01"]
[Round "1.6"]
[White "Jacobsen, Mikkel Manosri"]
[Black "Wilbrandt, Simon Pil"]
[Result "0-1"]
[WhiteElo "2228"]
[BlackElo "2107"]
[WhiteFideId "1444514"]
[BlackFideId "1436988"]
[EventDate "2024.09.01"]
[EventType "swiss"]
[EventRounds "13"]
[EventCountry "DEN"]
[SourceTitle "Live v. Kasper Jerwiarz"]

1. c4 e5 2. g3 Nf6 3. Bg2 c6 4. d4 exd4 5. Qxd4 d5 6. Nf3 Be7 7. O-O c5 8. Qd2 d4 9. e3 Nc6 10. exd4 cxd4 11. Re1 O-O 12. Qd1 Bg4 13. h3 Be6 14. b3 Qd7 15. Kh2 Rfd8 16. Bb2 a5 17. Nbd2 a4 18. Rb1 a3 19. Ba1 Bb4 20. Ne5 Qc7 21. f4 Nd7 22. Nxc6 bxc6 23. Re2 Nf6 24. Nf3 c5 25. Ne5 Ra6 26. Qf1 Nd7 27. Nd3 Bf5 28. Rd1 Nf8 29. g4 Bxd3 30. Rxd3 Re6 31. Bd5 Rxe2+ 32. Qxe2 Qxf4+ 33. Kg2 Ng6 34. Qf2 Qxf2+ 35. Kxf2 Re8 36. Rf3 Ne5 37. Rf5 g6 38. Rf6 Kg7 39. Ra6 Nd3+ 40. Kg3 Re3+ 41. Kh2 Re2+ 42. Kg3 Rxa2 43. Ra7 Be1+ 44. Kf3 Rxa1 45. Rxf7+ Kh6 46. Ke4 Nf2+ 47. Ke5 Nxh3 48. Kf6 Bh4+ 49. Ke6 Re1+ 50. Kd6 Be7+ 51. Kc6 a2 52. Rf3 Ng5 53. Rf2 a1=Q 0-1

[Event "Lynskak-DM 2024"]
[Site "Helsingor"]
[Date "2024.09.01"]
[Round "1.7"]
[White "Wahlgreen, Noah Krug"]
[Black "Hansen, Jacob Ost"]
[Result "1-0"]
[WhiteElo "2021"]
[BlackElo "2318"]
[WhiteFideId "1457349"]
[BlackFideId "1400096"]
[EventDate "2024.09.01"]
[EventType "swiss"]
[EventRounds "13"]
[EventCountry "DEN"]
[SourceTitle "Live v. Kasper Jerwiarz"]

1. e4 c5 2. Nf3 e6 3. d4 cxd4 4. Nxd4 Nc6 5. Nc3 a6 6. Nxc6 bxc6 7. Bd3 d5 8. O-O Nf6 9. f4 Be7 10. e5 Nd7 11. Qg4 g6 12. b3 Nc5 13. Bb2 a5 14. Qf3 h5 15. Ne2 Ba6 16. Bxa6 Rxa6 17. Nd4 Ne4 18. Qe3 Qb6 19. c3 a4 20. b4 a3 21. Bc1 c5 22. Nc2 Nxc3 23. Bxa3 cxb4 24. Qxb6 Rxb6 25. Bb2 Bc5+ 26. Kh1 Ke7 27. a3 Na4 28. axb4 Nxb2 29. bxc5 Rc6 30. Ra7+ Kf8 31. Rb1 Nd3 32. Rbb7 Rh7 33. Nd4 Rxc5 34. h3 Nxf4 35. Nb5 Rc1+ 36. Kh2 Rc2 37. Nd6 Rxg2+ 38. Kh1 g5 39. Ra8+ Kg7 40. Rxf7+ Kh6 41. Rf6+ Ng6 42. Rg8 Rg7 43. Re8 g4 44. Nf7+ Rxf7 45. Rxf7 gxh3 46. Rxe6 Kg5 47. Rg7 Kf5 48. Rf6+ Kxe5 49. Rfxg6 d4 50. Rxg2 hxg2+ 51. Kxg2 d3 52. Kf2 Ke4 53. Rh7 h4 54. Ke1 Kd4 55. Kd1 Kc3 1-0

[Event "Lynskak-DM 2024"]
[Site "Helsingor"]
[Date "2024.09.01"]
[Round "1.8"]
[White "Larsen, Karsten"]
[Black "Nilssen, Ellen Fredericia"]
[Result "0-1"]
[WhiteElo "2181"]
[BlackElo "2092"]
[WhiteFideId "1404288"]
[BlackFideId "1441230"]
[EventDate "2024.09.01"]
[EventType "swiss"]
[EventRounds "13"]
[EventCountry "DEN"]
[SourceTitle "Live v. Kasper Jerwiarz"]

1. d4 Nf6 2. Nf3 e6 3. g3 b6 4. Bg2 Bb7 5. O-O Be7 6. c4 d5 7. Ne5 O-O 8. Nc3 Nbd7 9. Bf4 c6 10. Rc1 Nh5 11. Be3 Nhf6 12. Bg5 h6 13. Bf4 Nh5 14. Bd2 Nhf6 15. e4 Nxe4 16. Nxe4 dxe4 17. Bxe4 Nxe5 18. dxe5 Qc7 19. Qh5 Bg5 20. f4 Be7 21. Qf3 Rad8 22. Be3 Rd7 23. h4 Rfd8 24. h5 c5 25. Bxb7 Qxb7 26. Qxb7 Rxb7 27. Rfd1 Rbd7 28. Rxd7 Rxd7 29. Kf2 f6 30. exf6 Bxf6 31. b3 Kf7 32. Ke2 e5 33. f5 e4 34. Rd1 Rxd1 35. Kxd1 Be5 36. g4 Kf6 37. Ke2 Bd4 38. Bd2 Ke5 39. Kf1 e3 40. Be1 Kf4 41. Bh4 Kxg4 42. Bd8 Kxh5 43. Bc7 e2+ 0-1

[Event "Lynskak-DM 2024"]
[Site "Helsingor"]
[Date "2024.09.01"]
[Round "1.10"]
[White "Jorgensen, Dennis"]
[Black "Wehding, Anton Bonsvig"]
[Result "1-0"]
[WhiteElo "2236"]
[BlackElo "1962"]
[WhiteFideId "1408380"]
[BlackFideId "1463217"]
[EventDate "2024.09.01"]
[EventType "swiss"]
[EventRounds "13"]
[EventCountry "DEN"]
[SourceTitle "Live v. Kasper Jerwiarz"]

1. d4 Nf6 2. Nf3 e6 3. c4 d5 4. e3 Be7 5. Nc3 O-O 6. a3 c5 7. dxc5 Bxc5 8. b4 Be7 9. Bb2 b6 10. cxd5 exd5 11. Be2 Bb7 12. O-O Nbd7 13. Nd4 Rc8 14. Nf5 Re8 15. Nb5 Nf8 16. Nxa7 Ra8 17. Nb5 Qd7 18. Nxe7+ Qxe7 19. Qd4 Ne6 20. Qh4 Ne4 21. Qxe7 Rxe7 22. Rfd1 Rc8 23. Rac1 Rd8 24. Nd4 Nxd4 25. Bxd4 f6 26. Bxb6 Rdd7 27. Bg4 Rd6 28. Bd4 Ra6 29. Ra1 Kf7 30. Be2 Ra8 31. a4 Nd6 32. Bc5 Rd7 33. b5 Ne4 34. Bd4 Ke6 35. a5 Rd6 36. a6 Bc8 37. b6 Rd7 38. Bb5 Re7 39. b7 Bxb7 40. axb7 Rxa1 41. Rxa1 Rxb7 42. Be2 Kf5 43. h3 Kg6 44. Bf3 Re7 45. Bxe4+ dxe4 46. Ra7 Re6 47. g4 h6 48. Kg2 Rc6 49. Kg3 Re6 50. Kf4 Re8 51. h4 Kh7 52. g5 fxg5+ 1-0

[Event "Lynskak-DM 2024"]
[Site "Helsingor"]
[Date "2024.09.01"]
[Round "2.1"]
[White "Bjerre, Jonas Buhl"]
[Black "Christensen, Janus"]
[Result "1-0"]
[WhiteElo "2497"]
[BlackElo "2143"]
[WhiteFideId "1444948"]
[BlackFideId "1408402"]
[EventDate "2024.09.01"]
[EventType "swiss"]
[EventRounds "13"]
[EventCountry "DEN"]
[SourceTitle "Live v. Kasper Jerwiarz"]

1. e4 c5 2. Nf3 d6 3. Nc3 Nc6 4. Bb5 Bd7 5. O-O Nf6 6. Re1 g6 7. Bxc6 Bxc6 8. d4 cxd4 9. Nxd4 Bd7 10. Bg5 Bg7 11. Nd5 O-O 12. Bxf6 exf6 13. c3 Re8 14. Qf3 Re5 15. Rad1 Rg5 16. h3 f5 17. exf5 Bxf5 18. Nxf5 gxf5 19. Ne7+ Kh8 20. h4 Rg4 21. Nxf5 h5 22. Rxd6 Qa5 23. Nxg7 Rxg7 24. Rh6+ Kg8 25. Qxh5 1-0

[Event "Lynskak-DM 2024"]
[Site "Helsingor"]
[Date "2024.09.01"]
[Round "2.2"]
[White "Pedersen, Gunnar"]
[Black "Hansen, Sune Berg"]
[Result "0-1"]
[WhiteElo "2191"]
[BlackElo "2561"]
[WhiteFideId "1407414"]
[BlackFideId "1400266"]
[EventDate "2024.09.01"]
[EventType "swiss"]
[EventRounds "13"]
[EventCountry "DEN"]
[SourceTitle "Live v. Kasper Jerwiarz"]

1. e4 c6 2. d4 d5 3. e5 Bf5 4. g4 Be4 5. f3 Bg6 6. h4 h5 7. e6 Qd6 8. exf7+ Bxf7 9. Ne2 Nd7 10. c4 e5 11. cxd5 Bxd5 12. Rg1 O-O-O 13. Bg5 Ngf6 14. Nd2 Qb4 15. Qc2 Bd6 16. O-O-O Kb8 17. Kb1 exd4 18. Nc1 Nc5 19. Nc4 d3 20. Qd2 Qxc4 21. Nxd3 Qxa2+ 22. Kc2 Qa4+ 23. Kb1 Ba2+ 0-1

[Event "Lynskak-DM 2024"]
[Site "Helsingor"]
[Date "2024.09.01"]
[Round "2.3"]
[White "Hove, Esben Kjems"]
[Black "Thybo, Jesper Sondergaard"]
[Result "0-1"]
[WhiteElo "2160"]
[BlackElo "2380"]
[WhiteFideId "1401505"]
[BlackFideId "1438832"]
[EventDate "2024.09.01"]
[EventType "swiss"]
[EventRounds "13"]
[EventCountry "DEN"]
[SourceTitle "Live v. Kasper Jerwiarz"]

1. d4 Nf6 2. Nf3 d5 3. g3 c5 4. c3 Nc6 5. Bg2 cxd4 6. cxd4 Bf5 7. O-O e6 8. a3 h6 9. Nbd2 Be7 10. b4 O-O 11. Bb2 Rc8 12. Rc1 Qb6 13. Nb3 a5 14. bxa5 Nxa5 15. Nxa5 Qxb2 16. Rxc8 Rxc8 17. Qa4 Bc2 0-1

[Event "Lynskak-DM 2024"]
[Site "Helsingor"]
[Date "2024.09.01"]
[Round "2.4"]
[White "Jepson, Christian"]
[Black "Wahlgreen, Noah Krug"]
[Result "1-0"]
[WhiteElo "2356"]
[BlackElo "2021"]
[WhiteFideId "1701185"]
[BlackFideId "1457349"]
[EventDate "2024.09.01"]
[EventType "swiss"]
[EventRounds "13"]
[EventCountry "DEN"]
[SourceTitle "Live v. Kasper Jerwiarz"]

1. c4 Nf6 2. Nf3 g6 3. Nc3 Bg7 4. e4 d6 5. d4 O-O 6. Be2 Nbd7 7. O-O e5 8. d5 Nc5 9. Qc2 Ne8 10. b4 Na6 11. Rb1 c5 12. dxc6 bxc6 13. Rd1 Be6 14. c5 Nac7 15. cxd6 Nxd6 16. Be3 Qe7 17. Bc5 Rfd8 18. Qa4 Ncb5 19. Bxb5 cxb5 20. Nxb5 Bd7 21. Bxd6 Qe8 22. Bc7 Bxb5 23. Qa5 Rdc8 24. Rbc1 Be2 25. Rd5 Bxf3 26. gxf3 Qe7 27. Rcc5 Qf6 28. Kg2 Qg5+ 29. Kf1 Qh5 30. Ke2 Qxh2 31. b5 Qg1 32. Qe1 Qg5 33. Qd2 Qe7 34. Qc3 f6 35. a4 h5 36. Bd6 Qe6 37. Qd2 h4 38. Rc6 h3 39. Kf1 f5 40. Qg5 fxe4 41. fxe4 Rxc6 42. bxc6 Rc8 43. c7 Qf7 44. Qd8+ Qe8 45. Qxe8+ Rxe8 46. Be7 Kf7 47. Rd8 1-0

[Event "Lynskak-DM 2024"]
[Site "Helsingor"]
[Date "2024.09.01"]
[Round "2.5"]
[White "Wilbrandt, Simon Pil"]
[Black "Jorgensen, Dennis"]
[Result "1-0"]
[WhiteElo "2107"]
[BlackElo "2236"]
[WhiteFideId "1436988"]
[BlackFideId "1408380"]
[EventDate "2024.09.01"]
[EventType "swiss"]
[EventRounds "13"]
[EventCountry "DEN"]
[SourceTitle "Live v. Kasper Jerwiarz"]

1. d4 Nf6 2. c4 e6 3. Nc3 Bb4 4. f3 c5 5. a3 Bxc3+ 6. bxc3 d6 7. e4 O-O 8. Be3 Nc6 9. Bd3 b6 10. f4 Ba6 11. e5 Ne8 12. Be4 Rc8 13. d5 Na5 14. dxe6 fxe6 15. Qh5 g6 16. Qh3 Bxc4 17. Rd1 Qe7 18. Nf3 d5 19. Bb1 Ng7 20. Ng5 Nf5 21. Bf2 Rce8 22. g4 h6 23. Nxe6 Qxe6 24. gxf5 gxf5 25. Rg1+ Kh7 26. Bh4 1-0

[Event "Lynskak-DM 2024"]
[Site "Helsingor"]
[Date "2024.09.01"]
[Round "2.6"]
[White "Meskenas, Paulius"]
[Black "Simonsen, Jesper"]
[Result "1-0"]
[WhiteElo "1998"]
[BlackElo "2017"]
[WhiteFideId "12809969"]
[BlackFideId "1402226"]
[EventDate "2024.09.01"]
[EventType "swiss"]
[EventRounds "13"]
[EventCountry "DEN"]
[SourceTitle "Live v. Kasper Jerwiarz"]

1. e4 c5 2. Nf3 Nc6 3. d4 cxd4 4. Nxd4 g6 5. Nxc6 bxc6 6. Be2 Bg7 7. O-O Nf6 8. Nd2 O-O 9. e5 Nd5 10. c4 Nf4 11. Nf3 Nxe2+ 12. Qxe2 d5 13. exd6 exd6 14. Rd1 d5 15. cxd5 cxd5 16. Bg5 Qa5 17. Nd4 Ba6 18. Qf3 Rab8 19. Nc6 Qb6 20. Nxb8 Qxb8 21. Qxd5 Qxb2 22. Rab1 Qa3 23. Re1 h6 24. Be7 Rc8 1-0

[Event "Lynskak-DM 2024"]
[Site "Helsingor"]
[Date "2024.09.01"]
[Round "2.7"]
[White "Nilssen, Ellen Fredericia"]
[Black "Pedersen, Daniel Vesterbaek"]
[Result "1/2-1/2"]
[WhiteElo "2092"]
[BlackElo "2184"]
[WhiteFideId "1441230"]
[BlackFideId "1402161"]
[EventDate "2024.09.01"]
[EventType "swiss"]
[EventRounds "13"]
[EventCountry "DEN"]
[SourceTitle "Live v. Kasper Jerwiarz"]

1. d4 Nf6 2. c4 e6 3. Nf3 d5 4. Nc3 c5 5. e3 Nc6 6. a3 a6 7. dxc5 Bxc5 8. b4 Be7 9. Bb2 O-O 10. cxd5 exd5 11. Be2 Be6 12. O-O b5 13. Rc1 Qb6 14. Qc2 Rac8 15. Rfd1 Rfd8 16. Qb1 h6 17. Nd4 Ne5 18. h3 Nc4 19. Bf3 Rd7 20. Nce2 Rdc7 21. Nf4 Qd6 22. Qa2 Qd7 23. Qb1 Qd6 24. Qa2 Qd7 25. Qb1 Qd6 26. Qa2 Qd7 1/2-1/2

[Event "Lynskak-DM 2024"]
[Site "Helsingor"]
[Date "2024.09.01"]
[Round "2.8"]
[White "Kushyk, Denys"]
[Black "Falkesgaard, Jeppe Hald"]
[Result "0-1"]
[WhiteElo "1850"]
[BlackElo "2194"]
[WhiteFideId "34149066"]
[BlackFideId "1464981"]
[EventDate "2024.09.01"]
[EventType "swiss"]
[EventRounds "13"]
[EventCountry "DEN"]
[SourceTitle "Live v. Kasper Jerwiarz"]

1. e4 c5 2. Nf3 Nc6 3. d4 cxd4 4. Nxd4 e5 5. Nb5 d6 6. N1c3 a6 7. Na3 Be7 8. Nd5 Nf6 9. Nxe7 Qxe7 10. Bg5 O-O 11. Be2 h6 12. Bxf6 Qxf6 13. O-O Nd4 14. c3 Nxe2+ 15. Qxe2 Qg6 16. Rad1 Bh3 17. f3 Rad8 18. Nc4 b5 19. Ne3 Be6 20. Nd5 Kh8 21. Rd2 f5 22. exf5 Qxf5 23. Rfd1 Qg5 24. Ne3 Qe7 25. Nd5 Qf7 26. a4 Qa7+ 27. Kh1 bxa4 28. Nb4 Qb6 29. Qxa6 Qxa6 30. Nxa6 Bb3 31. Rc1 d5 32. Nb4 e4 33. fxe4 dxe4 34. Rxd8 Rxd8 35. Kg1 Rd2 36. Rb1 e3 37. Kf1 Bc4+ 38. Ke1 Rxg2 39. Kd1 Rg1+ 40. Kc2 Bb3+ 41. Kd3 Rxb1 42. Kxe3 Rxb2 43. Kd3 Rxh2 44. Nc6 a3 45. Nb4 a2 46. Nxa2 Bxa2 47. c4 Bxc4+ 0-1

[Event "Lynskak-DM 2024"]
[Site "Helsingor"]
[Date "2024.09.01"]
[Round "2.9"]
[White "Jacobsen, Per Lykke"]
[Black "Saugmann, Frederik Chabert"]
[Result "0-1"]
[WhiteElo "1909"]
[BlackElo "1942"]
[WhiteFideId "1439332"]
[BlackFideId "1476122"]
[EventDate "2024.09.01"]
[EventType "swiss"]
[EventRounds "13"]
[EventCountry "DEN"]
[SourceTitle "Live v. Kasper Jerwiarz"]

1. e4 e5 2. Nf3 Nc6 3. Bc4 Bc5 4. O-O d6 5. c3 Bb6 6. d4 exd4 7. cxd4 Nf6 8. Bg5 h6 9. Bh4 g5 10. Bg3 Nxe4 11. Re1 d5 12. Bd3 O-O 13. Bxe4 dxe4 14. Rxe4 Bf5 15. Re1 Nxd4 16. Nc3 Bg4 17. Ne4 Bxf3 18. gxf3 Ne6 19. Qc2 Qe7 20. Be5 f5 21. Ng3 Qf7 22. Rad1 Nf4 23. Bxf4 gxf4 24. Ne2 Qf6 25. Nxf4 Qg5+ 26. Ng2 Rf7 27. Qc4 Kg7 28. Kh1 Bxf2 29. Re2 Bb6 30. Rde1 Rd8 31. f4 Qf6 32. Ne3 Rd4 33. Rg1+ Kh7 34. Qc2 Rxf4 35. Ng2 Rg4 36. Rge1 Rfg7 37. Ne3 Re4 38. Nxf5 Qxf5 39. Rxe4 Qf3+ 40. Qg2 0-1

[Event "Lynskak-DM 2024"]
[Site "Helsingor"]
[Date "2024.09.01"]
[Round "2.10"]
[White "Hector, Jonny"]
[Black "Larsen, Ole"]
[Result "1-0"]
[WhiteElo "2403"]
[BlackElo "2174"]
[WhiteFideId "1700090"]
[BlackFideId "1402188"]
[EventDate "2024.09.01"]
[EventType "swiss"]
[EventRounds "13"]
[EventCountry "DEN"]
[SourceTitle "Live v. Kasper Jerwiarz"]

1. e4 e5 2. Nf3 Nc6 3. Nc3 Nf6 4. d4 exd4 5. Nd5 Be7 6. Bc4 d6 7. Nxd4 Nxd5 8. exd5 Ne5 9. Be2 O-O 10. f4 Nd7 11. O-O Nc5 12. Bf3 Bf6 13. c3 Bd7 14. Be3 Re8 15. Re1 a6 16. Qc2 g6 17. Bf2 Bb5 18. a4 Bd3 19. Rxe8+ Qxe8 20. Qd1 Be4 21. b4 Bxf3 22. gxf3 Bxd4 23. Qxd4 Nb3 24. Qf6 Qd8 25. Re1 Kf8 26. Be3 1-0

[Event "Lynskak-DM 2024"]
[Site "Helsingor"]
[Date "2024.09.01"]
[Round "3.1"]
[White "Falkesgaard, Jeppe Hald"]
[Black "Bjerre, Jonas Buhl"]
[Result "0-1"]
[WhiteElo "2194"]
[BlackElo "2497"]
[WhiteFideId "1464981"]
[BlackFideId "1444948"]
[EventDate "2024.09.01"]
[EventType "swiss"]
[EventRounds "13"]
[EventCountry "DEN"]
[SourceTitle "Live v. Kasper Jerwiarz"]

1. c4 c5 2. g3 g6 3. Bg2 Bg7 4. Nc3 Nf6 5. e3 O-O 6. Nge2 Nc6 7. O-O d6 8. b3 Bf5 9. Bb2 Qc8 10. Re1 Nb4 11. Nd5 Nfxd5 12. Bxg7 Kxg7 13. cxd5 Nc2 14. e4 Nxe1 15. Qxe1 Bh3 16. Bh1 e5 17. dxe6 Bxe6 18. d3 Re8 19. Qc3+ f6 20. f4 Bf7 21. f5 Re5 22. fxg6 hxg6 23. Rf1 Qg4 24. Bf3 Qd7 25. Qd2 Rh8 26. Qf4 g5 27. Qxf6+ Kxf6 28. Bg4+ Ke7 29. Bxd7 Bxb3 30. axb3 Kxd7 31. Nc3 Kc6 32. Nd5 a5 33. Rf7 Rxd5 34. exd5+ Kxd5 35. Rxb7 Kd4 36. Rb6 d5 37. Rb5 Rc8 38. Rxa5 Kxd3 39. b4 cxb4 40. Rxd5+ Kc4 41. Rxg5 b3 42. Rg4+ Kc3 43. Rf4 b2 44. Rf1 Kd3 45. Kg2 Rc1 46. Rf3+ Ke4 47. Rf4+ Ke5 48. Rb4 b1=Q 49. Rxb1 Rxb1 50. h4 Kf5 0-1

[Event "Lynskak-DM 2024"]
[Site "Helsingor"]
[Date "2024.09.01"]
[Round "3.2"]
[White "Hansen, Sune Berg"]
[Black "Meskenas, Paulius"]
[Result "1/2-1/2"]
[WhiteElo "2561"]
[BlackElo "1998"]
[WhiteFideId "1400266"]
[BlackFideId "12809969"]
[EventDate "2024.09.01"]
[EventType "swiss"]
[EventRounds "13"]
[EventCountry "DEN"]
[SourceTitle "Live v. Kasper Jerwiarz"]

1. Nf3 Nf6 2. g3 g6 3. b3 Bg7 4. Bb2 b6 5. Bg2 Bb7 6. c4 c5 7. O-O O-O 8. Na3 d6 9. e3 e5 10. d3 Nbd7 11. Qe2 Qe7 12. Rfd1 d5 13. cxd5 Nxd5 14. Nc4 Rad8 15. a3 Kh8 16. Rac1 f5 17. e4 fxe4 18. dxe4 Nc7 19. Qe3 Nb5 20. Re1 Nd4 21. Nxd4 exd4 22. Qd3 Ba6 23. f4 Nf6 24. h3 Qc7 25. a4 Rfe8 26. Re2 Nd7 27. Rce1 Nb8 28. Bc1 Nc6 29. Bd2 g5 30. e5 gxf4 31. gxf4 Rg8 32. Kh2 Rdf8 33. Rg1 Bh6 34. Qe4 Nd8 35. Rf2 Bb7 36. Qe2 Bxg2 37. Rgxg2 Rxg2+ 38. Kxg2 Ne6 39. f5 Rg8+ 40. Kh2 Bxd2 41. Qxd2 Ng5 42. Qf4 Qg7 43. Rg2 Qh6 44. Qg4 d3 45. Nd6 Qg7 46. f6 Qg6 47. Qf4 d2 48. Rxg5 d1=Q 49. Rxg6 Qe2+ 50. Kh1 Qd1+ 51. Kh2 Qe2+ 52. Kh1 Qd1+ 53. Kh2 1/2-1/2

[Event "Lynskak-DM 2024"]
[Site "Helsingor"]
[Date "2024.09.01"]
[Round "3.3"]
[White "Thybo, Jesper Sondergaard"]
[Black "Wilbrandt, Simon Pil"]
[Result "1-0"]
[WhiteElo "2380"]
[BlackElo "2107"]
[WhiteFideId "1438832"]
[BlackFideId "1436988"]
[EventDate "2024.09.01"]
[EventType "swiss"]
[EventRounds "13"]
[EventCountry "DEN"]
[SourceTitle "Live v. Kasper Jerwiarz"]

1. Nf3 d5 2. g3 c5 3. Bg2 g6 4. c3 Bg7 5. d4 Nf6 6. O-O cxd4 7. cxd4 O-O 8. Ne5 Nc6 9. Nc3 a6 10. Bf4 Bf5 11. Nxc6 bxc6 12. Be5 Nd7 13. Bxg7 Kxg7 14. Na4 Qa5 15. Rc1 Rfc8 16. a3 Rab8 17. b4 Qb5 18. Nc5 Bg4 19. h3 Bxe2 20. Qd2 Nxc5 21. Rxc5 Qd3 22. Qxd3 Bxd3 23. Rfc1 Bc4 24. Bf1 Bxf1 25. Kxf1 Rb6 26. Rxd5 cxd5 27. Rxc8 a5 28. bxa5 Rb3 29. Rc5 e6 30. Ke2 Rxa3 31. h4 Kf6 32. g4 h6 33. f4 Ra4 34. Kd3 Ra3+ 35. Kd2 Ra4 36. Kc3 Ra3+ 37. Kb4 Ra1 38. Kb5 Rb1+ 39. Kc6 Rb4 40. a6 Rxd4 41. Ra5 Rc4+ 42. Kd7 Rb4 43. a7 Rb7+ 44. Kc6 Rxa7 45. Rxa7 g5 46. fxg5+ hxg5 47. h5 d4 48. Rd7 e5 49. Kd5 1-0

[Event "Lynskak-DM 2024"]
[Site "Helsingor"]
[Date "2024.09.01"]
[Round "3.4"]
[White "Saugmann, Frederik Chabert"]
[Black "Jepson, Christian"]
[Result "1/2-1/2"]
[WhiteElo "1942"]
[BlackElo "2356"]
[WhiteFideId "1476122"]
[BlackFideId "1701185"]
[EventDate "2024.09.01"]
[EventType "swiss"]
[EventRounds "13"]
[EventCountry "DEN"]
[SourceTitle "Live v. Kasper Jerwiarz"]

1. d4 Nf6 2. c4 c5 3. d5 g6 4. Nc3 Bg7 5. e4 d6 6. Bd3 O-O 7. h3 e6 8. Nf3 Nbd7 9. O-O e5 10. Nh2 Kh8 11. Be3 Ng8 12. g4 Bh6 13. Qd2 Bxe3 14. Qxe3 Qe7 15. Ne2 a6 16. a4 b6 17. Ng3 Rb8 18. Nf3 Ndf6 19. Kg2 Bd7 20. b3 Ra8 21. Ra2 Rfb8 22. Nd2 Ne8 23. Rfa1 Nc7 24. f3 f6 25. Kh2 Qf8 26. Kg2 Qh6 27. Kf2 Qxe3+ 28. Kxe3 Kg7 29. h4 Ne7 30. h5 Rf8 31. hxg6 hxg6 32. Rh1 Rh8 33. Raa1 Rxh1 34. Rxh1 b5 35. axb5 axb5 36. Ne2 b4 37. Rg1 Ra3 38. f4 exf4+ 39. Nxf4 Ng8 40. g5 Ne7 41. gxf6+ Kxf6 42. Rf1 Kg7 43. Rg1 Ne8 44. e5 dxe5 45. Nxg6 Nxg6 46. Bxg6 Kf6 47. Be4 Nd6 48. Rg6+ Ke7 49. Rg7+ Kd8 50. Rg8+ Ke7 51. Rg7+ Ke8 52. Rg8+ Kf7 53. Rd8 Ke7 54. Rh8 Ra1 55. Rh7+ Kd8 56. Rh2 Re1+ 57. Re2 Rg1 58. Rf2 Re1+ 59. Re2 Rg1 60. Rf2 Ke7 61. Kd3 Rg3+ 62. Rf3 Rxf3+ 63. Nxf3 Kf6 64. Ke3 Bf5 65. Bxf5 Nxf5+ 66. Ke4 Nd6+ 67. Ke3 Kf5 68. Nh4+ Kg4 69. Ng2 Nf5+ 70. Ke4 Nd4 71. Ne3+ Kg5 72. Kxe5 Nxb3 73. d6 Na5 74. d7 Nb7 75. Nd1 b3 76. Kd5 Kf6 77. Kc6 Nd8+ 78. Kxc5 Ke7 79. Kb4 Kxd7 80. Kxb3 Nc6 81. Kc3 Na5 82. c5 Nb7 83. Kc4 Nxc5 84. Kxc5 1/2-1/2